Statistiques concernant Harry Potter - Composition des baguettes

Cliquez ici pour prendre le quiz!

Statistiques générales

  • Ce quiz a été pris 35 fois
  • Le résultat moyen est 15 sur 60

Statistiques - réponses

HintRéponse% Correct
Harry Potter (2)Plume de phénix
92%
Harry Potter (3)27,5 cm
58%
Hermione Granger (2)Ventricule de dragon
58%
Ron Weasley (2)Crin de licorne
50%
Harry PotterHoux
50%
Fleur Delacour (2)Cheveu de Vélane
42%
Drago Malefoy (2)Crin de licorne
42%
Drago MalefoyAubépine
33%
Remus Lupin (2)Crin de licorne
33%
Sibylle Trelawney (2)Crin de licorne
33%
Cédric Diggory (2)Crin de licorne
33%
Neville Londubat (2)Crin de licorne
33%
Quirinus Quirrell (2)Crin de licorne
33%
Viktor Krum (2)Nerf de coeur de dragon
33%
Tom Jedusor (2)Plume de phénix
33%
Baguette de SureauSureau
33%
Bellatrix Lestrange (2)Ventricule de dragon
33%
Lucius Malefoy (2)Ventricule de dragon
33%
Peter Pettigrow (2)Ventricule de dragon
33%
Dolores Ombrage (2)Ventricule de dragon
33%
Horace Slughorn (2)Ventricule de dragon
33%
Gilderoy Lockhart (2)Ventricule de dragon
33%
Minerva McGonagall (2)Ventricule de dragon
33%
Peter Pettigrow (3)23 cm
25%
Tom Jedusor (3)33,75 cm
25%
Baguette de Sureau (2)Crin de sombral
25%
Tom JedusorIf
25%
Hermione GrangerVigne
25%
Dolores Ombrage (3)20,32 cm
17%
Gilderoy Lockhart (3)22,5 cm
17%
Quirinus Quirrell (3)22,5 cm
17%
Sibylle Trelawney (3)23,75 cm
17%
Fleur Delacour (3)23,75 cm
17%
Minerva McGonagall (3)23,75 cm
17%
Viktor Krum (3)25,5 cm
17%
Remus Lupin (3)25,75 cm
17%
Drago Malefoy (3)25 cm
17%
Horace Slughorn (3)26 cm
17%
Hermione Granger (3)27,3 cm
17%
Cédric Diggory (3)30,5 cm
17%
Bellatrix Lestrange (3)31,8 cm
17%
Neville Londubat (3)33,02 cm
17%
Ron Weasley (3)35 cm
17%
Baguette de Sureau (3)38 cm
17%
Lucius Malefoy (3)45,72 cm
17%
Quirinus QuirrellAulne
17%
Horace SlughornCèdre
17%
Neville LondubatCerisier
17%
Viktor KrumCharme
17%
Peter PettigrowChâtaigner
17%
Cédric DiggoryFrêne
17%
Bellatrix LestrangeNoyer
17%
Lucius MalefoyOrme
17%
Fleur DelacourRose
17%
Ron WeasleySaule
17%
Dolores OmbrageBouleau
8%
Gilderoy LockhartCerisier
8%
Remus LupinCyprès
8%
Sibylle TrelawneyNoisetier
8%
Minerva McGonagallSapin
8%

Distribution des résultats

Percentile par nombre de réponses

% des personnes avec chaque résultat

Votre développement - résultats

Vous n’avez pas pris ce quiz